00372nam a2200145Ia 4500008004100000020001500041041000800056082001800064100002100082245005400103250000600157260004200163300001300205650000800218210716s2003 xx 000 0 und d a8120320069 aeng a005.2764 DUTG aDuthie,G Andrew. aMicrosoft asp.net : step by step.bStep by step. a1 aNew DelhibPHI Learning Pvt Ltdc2003 axvii,521 aASP